00355cam a22001097a 4500008004000000082001400040245006900054260005200123300000900175650001800184700004300202180718b1962 xxu||||| |||| 00| 0 eng d aQ43 C436m aMaternal deprivationcby Child Welfare League of America, U.S.A. aNew YorkbChild Welfare League of Americac1962 a72p. aChild Welfare aU.S.A. Child Welfare League of America